Country Word Scramble! #2 - Statistics

General Stats
  • This quiz has been taken 942 times
  • The average score is 13 of 15
Answer Stats
Hint Answer % Correct
atsinangfha Afghanistan
97%
eupr Peru
97%
iuawkt Kuwait
95%
baimza Zambia
95%
pelna Nepal
93%
wzeimabb Zimbabwe
93%
nrueib Brunei
91%
meranyg Germany
91%
aintaw Taiwan
90%
lnanifd Finland
89%
ulvatu Tuvalu
85%
yungaa Guyana
82%
ieasbr Serbia
73%
hsotole Lesotho
72%
udransho Honduras
68%
No matching quizzes found
Score Distribution
Percent of People with Each Score
Percentile by Number Answered
Your Score History
You have not taken this quiz